Govt. of
Madhya Pradesh

GMAT CAT Computer Adaptive Graduate management Admission Test (Record no. 32503)

MARC details
000 -LEADER
fixed length control field 003520000a22001450004500
003 - CONTROL NUMBER IDENTIFIER
control field MACL
040 ## - CATALOGING SOURCE
Original cataloging agency MACL
090 ## - LOCALLY ASSIGNED LC-TYPE CALL NUMBER (OCLC); LOCAL CALL NUMBER (RLIN)
-- 32839
-- 32837
100 ## - MAIN ENTRY--PERSONAL NAME
Personal name Bobrow, Jerry
245 ## - TITLE STATEMENT
Title GMAT CAT Computer Adaptive Graduate management Admission Test
260 ## - PUBLICATION, DISTRIBUTION, ETC. (IMPRINT)
Name of publisher, distributor, etc. IDG Books India
Date of publication, distribution, etc. 2002
350 ## - PRICE (NR) (BK AM CF MU VM SE) [OBSOLETE]
Price 229
650 ## - SUBJECT ADDED ENTRY--TOPICAL TERM
Topical term or geographic name as entry element General Managment
942 ## - ADDED ENTRY ELEMENTS (KOHA)
Koha item type Library Membar
Call number prefix 658/BOB
Holdings
Withdrawn status Lost status Damaged status Not for loan Home library Current library Date acquired Total Checkouts Full call number Barcode Date last seen Uniform Resource Identifier Price effective from Koha item type
        MACL MACL 15/04/2015   658/BOB BOOK CLC1236 29/04/2015 32559 15/04/2015 Books